Gaming Quiz

Random Gaming or Blitz Quiz

Picture Click: Discolored Cards Quiz Stats

 Plays Quiz Updated Jul 2, 2018

Also try: Games from Cards
Challenge
Share
Tweet
Score 0/20 Timer 01:00
1 Play Today
% Correct
???
95.4%
???
88.1%
???
87.9%
???
87.5%
???
84.3%
???
83.8%
???
82.2%
???
81.6%
???
81.4%
???
79.9%
% Correct
???
78.8%
???
78.5%
???
78.1%
???
77.5%
???
77.5%
???
76.6%
???
76.3%
???
74.1%
???
72.7%
???
71.8%

You're not logged in!

Compare scores with friends on all Sporcle quizzes.
OR
Log In

You Might Also Like...

Show Comments

Extras

Top Quizzes Today


Score Distribution

Your Account Isn't Verified!

In order to create a playlist on Sporcle, you need to verify the email address you used during registration. Go to your Sporcle Settings to finish the process.

Report this User

Report this user for behavior that violates our Community Guidelines.

Details: